| 000 | 00000nam##2200000za#4500 |
| 001 | 9.616839 |
| 003 | CaOODSP |
| 005 | 20200327190558 |
| 007 | ta |
| 008 | 150406|2004||||xxc||||| f|0| 0 eng|d |
| 022 | |a0706-6457 |
| 040 | |aCaOODSP|beng |
| 043 | |an-cn--- |
| 086 | 1 |aFs97-6/2508E |
| 110 | 1 |aCanada. |bDepartment of Fisheries and Oceans. |
| 245 | 10|aAssessment of snow crab (Chionoecetes opilio) catchability by Japanese trap / |c[by] Bernard Sainte-Marie and Christian Turcotte. |
| 260 | |aOttawa - Ontario : |bFisheries and Oceans Canada |c2003. |
| 300 | |avii, 21p. : |bfigs., references ; |c28 cm. |
| 490 | 1 |aCanadian technical report of fisheries and aquatic sciences|x0706-6457|v2508 |
| 500 | |aOn title page: Regional Science Branch, Department of Fisheries and Oceans, Maurice Lamontage Institute, P.O. Box 1000, 850 route de la Mer, Mont-Joli, QC, G5H 3Z4. |
| 546 | |a(Résumé en français.) |
| 563 | |aSoftcover |
| 590 | |a04-21|b2004-05-21 |
| 720 | 1 |aSainte-Marie, Bernard |
| 720 | 1 |aTurcotte, Christian |
| 775 | 08|tÉvaluation de la capturabilité du crabe des neiges (Chionoecetes opilio) par le casier japonais / |w(CaOODSP)9.626586 |
| 776 | 0#|tAssessment of snow crab (Chionoecetes opilio) catchability by Japanese trap / |w(CaOODSP)9.574089 |
| 830 | #0|aCanadian technical report of fisheries and aquatic sciences,|x0706-6457|v2508|w(CaOODSP)9.514691 |